Stratégies d'entreprise et politique de la concurrence dans le Marché unique.

Interná a externá stratégia veľkých podnikov. Nové kombinácie vo vzťahu výrobok-trh. Zvýšená úloha externého rastu podniku. Zmluvy medzi podnikmi a kooperačné zmluvy v ES podľa sektorov. Koncentrácia, kooperácia a politika konkurencie v Spoločenstve. Politika fúzie a absorpcie. (Revue d'économie ind...

Descrizione completa

Salvato in:
Dettagli Bibliografici
Autore principale: Jacquemin, A.
Natura: Capitolo di libro
Lingua:francese
Soggetti:
Tags: Aggiungi Tag
Nessun Tag, puoi essere il primo ad aggiungerne!!

MARC

LEADER 00000naa a2200000 4500
001 r010046
005 20220913125236.4
041 0 |a fre 
044 |a FR 
245 1 0 |a Stratégies d'entreprise et politique de la concurrence dans le Marché unique.  |c A. Jacquemin 
520 |a Interná a externá stratégia veľkých podnikov. Nové kombinácie vo vzťahu výrobok-trh. Zvýšená úloha externého rastu podniku. Zmluvy medzi podnikmi a kooperačné zmluvy v ES podľa sektorov. Koncentrácia, kooperácia a politika konkurencie v Spoločenstve. Politika fúzie a absorpcie. (Revue d'économie industrielle 1991 č. 57). 
610 2 0 |a stratégia podniková 
610 2 0 |a konkurencia 
610 2 0 |a Európske spoločenstvá 
610 2 0 |a trh 
610 2 0 |a zmluvy o spolupráci 
610 2 0 |a koncentrácia 
610 2 0 |a spolupráca podnikov 
100 1 |a Jacquemin, A.